[Event "Paris-ch op"]
[Site "Paris"]
[Date "2000.07.19"]
[Round "5"]
[White "Large, Laurent"]
[Black "Abarca del Rio, Francisco"]
[Result "1/2-1/2"]
[WhiteElo "2225"]
[BlackElo "2130"]
[PlyCount "76"]
[EventDate "2000.07.15"]
[EventType "swiss"]
[EventRounds "9"]
[EventCountry "FRA"]
[SourceTitle "EXT 2001"]
[Source "ChessBase"]
[SourceDate "2000.11.22"]
[SourceVersion "1"]
[SourceVersionDate "2000.11.22"]
[SourceQuality "1"]

1. d4 Nf6 2. Bg5 g6 3. Bxf6 exf6 4. e3 Bg7 5. g3 0-0 6. Bg2 d6 7. Ne2 Re8 8. 0-0 Nd7 9. c4 Nb6 10. Qc2 Bf5 11. e4 Be6 12. Na3 c6 13. Nf4 Qe7 14. Rfe1 Rad8 15. Nxe6 fxe6 16. b4 Nc8 17. Qb3 Qf7 18. f4 e5 19. fxe5 fxe5 20. Rf1 Qe6 21. d5 cxd5 22. cxd5 Qd7 23. Qe3 Nb6 24. Rf2 Rf8 25. Raf1 Rxf2 26. Rxf2 Rf8 27. Rxf8+ Bxf8 28. h4 h5 29. Kh2 Kh7 30. Bh3 Qe8 31. Be6 Bh6 32. Qb3 Qf8 33. Kg2 Bd2 34. Nc2 Qh6 35. Qd3 Bc1 36. Ne1 Qd2+ 37. Qxd2 Bxd2 38. Nc2 Na4 1/2-1/2

[Event "FRA-chT2O 9899"]
[Site "France"]
[Date "1999.03.06"]
[Round "8"]
[White "Blery, Gilles"]
[Black "Abarca del Rio, Francisco"]
[Result "1-0"]
[WhiteElo "2135"]
[BlackElo "2118"]
[PlyCount "61"]
[EventDate "1998.??.??"]
[EventType "team"]
[EventRounds "9"]
[EventCountry "FRA"]
[SourceTitle "EXT 2002"]
[Source "ChessBase"]
[SourceDate "2001.11.25"]
[SourceVersion "1"]
[SourceVersionDate "2001.11.25"]
[SourceQuality "1"]

1. d4 Nf6 2. c4 c5 3. d5 b5 4. cxb5 a6 5. bxa6 Bxa6 6. Nc3 g6 7. g3 d6 8. Bg2 Bg7 9. Nh3 0-0 10. 0-0 Nbd7 11. Qc2 Ra7 12. Nf4 Ne8 13. Bd2 Nc7 14. Rab1 Rb7 15. b3 Qb8 16. h4 Qa7 17. h5 Ne5 18. hxg6 hxg6 19. Be4 Bb5 20. Kg2 Be8 21. a4 Rb8 22. Rh1 f5 23. Bd3 Bd7 24. Bc4 Qa8 25. Nd3 e6 26. Nxe5 dxe5 27. e4 fxe4 28. Qxe4 Nxd5 29. Nxd5 Bc6 30. Ne7+ Kf7 31. Nxc6 1-0

[Event "FRA-chT2O 9899"]
[Site "France"]
[Date "1998.12.06"]
[Round "4"]
[White "Abarca del Rio, Francisco"]
[Black "Gerard, Nicolas"]
[Result "0-1"]
[WhiteElo "2118"]
[BlackElo "2238"]
[PlyCount "89"]
[EventDate "1998.??.??"]
[EventType "team"]
[EventRounds "9"]
[EventCountry "FRA"]
[SourceTitle "EXT 2002"]
[Source "ChessBase"]
[SourceDate "2001.11.25"]
[SourceVersion "1"]
[SourceVersionDate "2001.11.25"]
[SourceQuality "1"]

1. e4 c5 2. Nc3 Nc6 3. g3 g6 4. Bg2 Bg7 5. d3 d6 6. Be3 Rb8 7. f4 e6 8. Nf3 b5 9. a3 Nge7 10. 0-0 a5 11. e5 Nf5 12. Bf2 dxe5 13. fxe5 Nxe5 14. Bxc5 Nxf3+ 15. Qxf3 Bb7 16. Qc6+ Qd7 17. Qxd7+ Kxd7 18. g4 Bxg2 19. Kxg2 Nh6 20. Ne4 f5 21. gxf5 gxf5 22. Nc3 Rhc8 23. d4 Ng4 24. Rae1 Bh6 25. Nd1 Nf6 26. Nf2 Nd5 27. Nd3 Ne3+ 28. Rxe3 Bxe3 29. Rf3 Rg8+ 30. Kf1 f4 31. Rh3 Rg7 32. Ne5+ Kc7 33. Rh6 Re8 34. Rf6 h5 35. Bf8 Rxf8 36. Rxf8 Bxd4 37. Nd3 Rg1+ 38. Ke2 Rg2+ 39. Kd1 Rg1+ 40. Ke2 Rg2+ 41. Kd1 e5 42. Rf5 Rxh2 43. Nxe5 Be3 44. Nf3 Rf2 45. Ng5 0-1

[Event "Paris op"]
[Site "Paris"]
[Date "1998.??.??"]
[Round "6"]
[White "Mayers, Dan E"]
[Black "Abarca del Rio, Francisco"]
[Result "1-0"]
[WhiteElo "2095"]
[BlackElo "2115"]
[PlyCount "73"]
[EventDate "1998.07.??"]
[EventType "swiss"]
[EventRounds "9"]
[EventCountry "FRA"]
[SourceTitle "EXT 2000"]
[Source "ChessBase"]
[SourceDate "1999.11.16"]
[SourceVersion "1"]
[SourceVersionDate "1999.11.16"]
[SourceQuality "1"]

1. e4 c5 2. d4 e6 3. Nf3 b6 4. Nc3 Bb7 5. Bd3 cxd4 6. Nxd4 Nc6 7. Be3 Rc8 8. 0-0 Nf6 9. Qe2 Qc7 10. Rad1 Be7 11. a3 Ne5 12. Bf4 d6 13. Bb5+ Kf8 14. Nf3 h6 15. Nxe5 dxe5 16. Bg3 g5 17. Rd2 Kg7 18. Rfd1 Rhd8 19. Rxd8 Bxd8 20. Bd3 Be7 21. h4 Qc5 22. hxg5 hxg5 23. Nb5 a5 24. b4 axb4 25. axb4 Qxb4 26. Bxe5 Rc5 27. c3 Qa4 28. Bd4 Rc8 29. Rb1 Rh8 30. Qg4 Kf8 31. Qxg5 Rg8 32. Qh6+ Ke8 33. Bxf6 Bxe4 34. Nc7+ Kd8 35. Bxe7+ Kxe7 36. Qh4+ Kd6 37. Qf4+ 1-0

[Event "Paris Apsap op"]
[Site "Paris"]
[Date "1998.??.??"]
[Round "?"]
[White "Toumaniantz, Rouslan"]
[Black "Abarca del Rio, Francisco"]
[Result "1/2-1/2"]
[WhiteElo "2100"]
[BlackElo "2125"]
[PlyCount "60"]
[EventDate "1998.??.??"]
[EventType "swiss"]
[EventRounds "9"]
[EventCountry "FRA"]
[SourceTitle "EXT 2002"]
[Source "ChessBase"]
[SourceDate "2001.11.25"]
[SourceVersion "1"]
[SourceVersionDate "2001.11.25"]
[SourceQuality "1"]

1. e4 c5 2. Nf3 Nc6 3. d4 cxd4 4. Nxd4 Nf6 5. Nc3 e6 6. Ndb5 Bb4 7. a3 Bxc3+ 8. Nxc3 d5 9. exd5 exd5 10. Bd3 d4 11. Ne2 Qa5+ 12. c3 dxc3 13. Nxc3 0-0 14. 0-0 Bf5 15. Bc4 Ne5 16. Ba2 Rad8 17. Qa4 Qxa4 18. Nxa4 Bd3 19. Re1 Bc4 20. Bg5 Bxa2 21. Rxa2 Nd3 22. Bxf6 Nxe1 23. Bxd8 Rxd8 24. Kf1 Nc2 25. Nc3 g6 26. Ne4 Kf8 27. g4 Rd4 28. f3 Ne3+ 29. Ke2 Nxg4 30. Nc5 Ne5 1/2-1/2